Objímal jsem růži /

Main Author: Šimurda, Miloš, 1924-2019
Language: Italian
Czech
Published: Vsetín : Muzeum regionu Valašsko ve spolupráci s M. Šimurdou, 2011
Online Access: Digitalizovaný dokument
Physical Description: 75 s. : portréty ; 21 cm
Language note: Část. italský text
Book
Saved in:
LEADER 01255nam a2200361 a 4500
001 nkc20112161752
003 CZ PrNK
005 20110329094139.0
007 ta
008 110118s2011 xr c g 000 p cze
015 |a cnb002161752 
020 |a 978-80-254-9135-5  |q (brož.) 
035 |a (OCoLC)713795213 
040 |a OLA001  |b cze  |d BOA001 
041 0 |a cze  |a ita 
072 7 |a 821.162.3-1  |x Česká poezie  |2 Konspekt  |9 25 
080 |a 821.162.3-1  |2 MRF 
080 |a (0:82-1)  |2 MRF 
100 1 |a Šimurda, Miloš,  |d 1924-2019  |7 jo20000080512  |4 aut 
245 1 0 |a Objímal jsem růži /  |c Miloš Šimurda 
260 |a Vsetín :  |b Muzeum regionu Valašsko ve spolupráci s M. Šimurdou,  |c 2011 
300 |a 75 s. :  |b portréty ;  |c 21 cm 
500 |a Na rubu tit. s. vročení 2010 
546 |a Část. italský text 
655 7 |a česká poezie  |7 fd133958  |2 czenas 
655 9 |a Czech poetry  |2 eczenas 
856 4 1 |u http://www.digitalniknihovna.cz/mzk/uuid/uuid:4ba674c0-7835-11e8-87bd-005056827e52  |y Digitalizovaný dokument  |x NDK 
910 2 |a BOA001  |b 2-1264.029 
928 9 |a M. Šimurda 
990 |a BK 
995 |a 01 
991 |b 201103  |e b 
996 6 |b 2610472318  |c 2-1264.029  |l MZK  |r Sklad / do 1 hodiny  |n 0  |p p.v.  |w 001171797  |u 000010  |a 1  |e BOA001  |j MZK50  |s P